[Event "Stavanger op C"]
[Site "Stavanger"]
[Date "2013.05.??"]
[Round "1"]
[White "Vatnestrom, Leo Andreas Giske"]
[Black "Amarapala, Sheroni"]
[Result "1-0"]
[WhiteElo "932"]
[BlackElo "532"]
[PlyCount "97"]
[EventDate "2013.05.08"]
[EventType "swiss"]
[EventRounds "6"]
[EventCountry "NOR"]
[SourceTitle "EXT 2024"]
[Source "ChessBase"]
[SourceDate "2023.10.10"]
[SourceVersion "1"]
[SourceVersionDate "2023.10.10"]
[SourceQuality "1"]

1. g3 e5 2. Bg2 Bc5 3. e3 Nf6 4. d4 exd4 5. exd4 Bb4+ 6. c3 Ba5 7. a4 d5 8. Qe2+ Be6 9. b4 Bb6 10. a5 0-0 11. Nf3 Re8 12. 0-0 Bg4 13. Qd1 Nc6 14. axb6 axb6 15. Rxa8 Qxa8 16. Bg5 Qd8 17. Re1 Rxe1+ 18. Qxe1 h6 19. Bxf6 Qxf6 20. Ne5 Nxe5 21. Qxe5 Qxe5 22. dxe5 Bf5 23. Nd2 c5 24. Bxd5 cxb4 25. cxb4 h5 26. Bxb7 f6 27. exf6 gxf6 28. Bc6 Bd3 29. Bf3 Bg6 30. Be2 Be8 31. Nc4 b5 32. Nd6 Bg6 33. Nxb5 f5 34. Nd6 Kg7 35. b5 Kf6 36. b6 Ke6 37. Nb5 Be8 38. b7 Bxb5 39. Bxb5 Ke7 40. b8Q Ke6 41. Qe8+ Kf6 42. Bc4 Kg5 43. Qg8+ Kf6 44. f4 Ke7 45. Qe6+ Kd8 46. Qf7 Kc8 47. Qe7 Kb8 48. Ba6 Ka8 49. Qb7# 1-0